Planificación, diseño y establecimiento de herramientas de manejo del paisaje en zonas cafeteras (Registro nro. 8724)

Detalles MARC
000 -CABECERA
Campo de control 00872nam a22002297a 4500
005 - FECHA Y HORA DE LA ULTIMA TRANSACCION
Campo de control 20180803165608.0
008 - ELEMENTOS DE LONGITUD FIJA—INFORMACION GENERAL
Campo de control 140923b2014 ck ||||| |||| 00| 0 spa d
040 ## - FUENTE DE CATALOGACIÓN
Agencia catalogadora original CO-BoIAVH
Agencia transcriptora CO-BoIAVH
041 ## - IDIOMA
Código de idioma para texto/pista de sonido o título separado Español
044 ## - PAÍS DE PUBLICACIÓN
País de publicación Colombia
082 04 - NUMERO DE CLASIFICACION DECIMAL DEWEY
Número de clasificación 633.8
Número del ítem G63b4
100 1# - ASIENTO PRINCIPAL--NOMBRE PERSONAL
Nombre personal Rubiano, Diego José
245 10 - MENCION DE TITULO
Título Planificación, diseño y establecimiento de herramientas de manejo del paisaje en zonas cafeteras
Mención de responsabilidad Diego José Rubiano y Gustavo Guerra
260 ## - PUBLICACION, DISTRIBUCION, ETC. (PIE DE IMPRENTA)
Lugar de publicación, distribución, etc. Bogotá :
Nombre del editor, distribuidor, etc. Federación de Nacional de Cafeteros de Colombia,
Fecha de publicación, distribución, etc. 2014.
300 ## - DESCRIPCION FISICA
Extensión 39 p.
Otros detalles físicos il.
Dimensiones 24 cm.
500 ## - NOTA GENERAL
Nota general Proyecto incorporación de la biodiversidad en el sector cafetero de Colombia.
650 #4 - ASIENTO SECUNDARIO DE MATERIA - TERMINO TEMATICO
Término temático o nombre geográfico como elemento de entrada Paisaje cafetero
650 #6 - ASIENTO SECUNDARIO DE MATERIA - TERMINO TEMATICO
Término temático o nombre geográfico como elemento de entrada Herramientas de manejo del paisaje
700 1# - ASIENTO SECUNDARIO - NOMBRE PERSONAL
Nombre personal Guerra, Gustavo
700 1# - ASIENTO SECUNDARIO - NOMBRE PERSONAL
Nombre personal Gómez, José Antonio
Término de relación coord.
942 ## - ELEMENTOS ADICIONALES (KOHA)
Sistema de clasificación Dewey Decimal Classification
Tipo de ítem Libro
Koha issues (borrowed), all copies 1
Existencias
Withdrawn status Lost status Sistema de Clasificación Damaged status No para préstamo Colección Inventariado Ubicación Permanente Ubicación actual Fecha de adquisición Fuente de Valor Valor Total Checkouts Número topográfico Inventario / Código de Barras Date last seen Date checked out Ejemplar Price effective from Forma de adquisición Tipo de material
    Dewey Decimal Classification     General Inventariado 2017 Bogotá Bogotá 23/09/2014 Instituto 39000.00 1 LB-633.8 G63b4 038384 02/10/2015 02/10/2015 Ej. 1 23/09/2014 Donación Libro